Tras los pasos de una estrella en las fauces del monstruo: análisis crítico de la iconografía del planeta Venus en Mesoamérica y reinterpretación del grabado principal de la pirámide B, Tula, Hidalgo
Guardat en:
| Autor principal: | |
|---|---|
| Format: | Llibre |
| Idioma: | espanyol |
| Publicat: |
Santiago
Universidad de Chile
2003
|
| Col·lecció: | Tesis, 4
|
| Matèries: | |
| Etiquetes: |
Afegir etiqueta
Sense etiquetes, Sigues el primer a etiquetar aquest registre!
|
MARC
| LEADER | 00000nam a2200000 a 4500 | ||
|---|---|---|---|
| 001 | UCG1251 | ||
| 003 | CL-VaPUC | ||
| 008 | 100429e20030000CL |||||||||||||||||spa|d | ||
| 020 | |a 9561904098 | ||
| 082 | 0 | 4 | |a 704.9 |b CAÑ |2 21 |
| 100 | 0 | |a Cañas V., Carlos R |e author |9 549091 | |
| 245 | 1 | 0 | |a Tras los pasos de una estrella en las fauces del monstruo: análisis crítico de la iconografía del planeta Venus en Mesoamérica y reinterpretación del grabado principal de la pirámide B, Tula, Hidalgo |
| 300 | |a 304 p | ||
| 942 | |c BK | ||
| 945 | |d 20100429 00:00:00 |a rbrito | ||
| 260 | |a Santiago |b Universidad de Chile |c 2003 | ||
| 650 | 0 | |a Iconografía |9 267998 | |
| 650 | 7 | |a PINTURA AZTECA |2 CL-VaPUC |9 549092 | |
| 650 | 0 | |a Arte mexicano |9 368324 | |
| 583 | |a last modification |c 20100429 00:00:00 |k Rodrigo Vera | ||
| 490 | 0 | |a Tesis, 4 | |
| 999 | |c 340659 |d 340657 | ||
| 952 | |0 0 |1 0 |4 0 |6 704_900000000000000_CAÑ_2003 |7 0 |8 A |9 435577 |a BIBART |b BIBART |d 2019-11-22 |i 4665171 |o 704.9 CAÑ 2003 |p 4665171 |r 2025-03-13 |w 2019-11-22 |y BK |k ART | ||